01366nam a2200265 a 450000100100000000500170001000800410002702000180006804000250008608200150011110000390012624500890016526000370025430000240029150000260031550400260034159000260036795201230039395201230051695201080063995201140074795201080086195201140096999900170108300004706020201002053327.0180412s2016 dr a 000 0 spa d a9789945124033 aDO-SdBNPbspacBNPHU axxxxbxxxx1 aSaiz de Bauger, Guillermina97489110aEnglish I1 :bstudent's book 5th grade primary school /cGuillermina Saiz de Bauger. aSanto Domingo :bSusaeta,c2016. av. :bil. ;c28 cm. aNew curriculum design aBibliography : p. 128 aInventariado, 2018/LP 001054708PDaGRbGRcHDd2018-04-12iLF1l0ov. 1, e. 3p47060-30r2020-06-25w2020-06-25yLFPDZPréstamo en sala 001054708PDaGRbGRcHDd2018-11-16iLF1l0ov. 2, e. 3p47060-60r2020-06-25w2020-06-25yLFPDZPréstamo en sala 0010718PDaPDbPDcHDd2018-04-12iLF1l0ov. 1p47060-10r2020-06-25w2020-06-25yLFPDZNo se presta 0010718PDaPDbPDcHDd2018-04-12iLF1l0ov. 1, e. 2p47060-20r2020-06-25w2020-06-25yLFPDZNo se presta 0010718PDaPDbPDcHDd2018-11-16iLF1l0ov. 2p47060-40r2020-06-25w2020-06-25yLFPDZNo se presta 0010718PDaPDbPDcHDd2018-11-16iLF1l0ov. 2, e. 2p47060-50r2020-06-25w2020-06-25yLFPDZNo se presta c46548d46548